| 000 | 00441nam a2200169Ia 4500 | ||
|---|---|---|---|
| 008 | 230718s9999 xx 000 0 und d | ||
| 041 | _aeng | ||
| 082 |
_a005.14 _bFEN |
||
| 100 | _aFenton N.E. | ||
| 245 |
_aSoftware Metrics _b A Rigorous And Pracatical Approach |
||
| 250 | _a2nd ed. | ||
| 260 |
_c2004 _bThompson |
||
| 300 | _a638 | ||
| 365 |
_cRs. _b414.00 |
||
| 700 | _aFenton N.E. & Pfieeger S.L. | ||
| 906 |
_d882/30.7.06 _cIT _b82.8 |
||
| 999 |
_c314375 _d314375 |
||